[Event "Borgerhout - CREC"]
[Site "?"]
[Date "2013.01.13"]
[Round "7.4"]
[White "Diepeveen, Vincent"]
[Black "Saiboulatov, Daniyal"]
[Result "0-1"]
[WhiteElo "2314"]
[BlackElo "2344"]
[PlyCount "68"]
[EventDate "2013.??.??"]

1. e4 e6 2. d4 d5 3. Nc3 Bb4 4. e5 c5 5. a3 Bxc3+ 6. bxc3 Qc7 7. Qg4 f5 8. Qg3
cxd4 9. cxd4 Nc6 10. Nf3 Nge7 11. Kd1 O-O 12. Rb1 Bd7 13. Bd3 Be8 14. Qg5 f4
15. h4 Bg6 16. Bxg6 Nxg6 17. h5 Rf5 18. Qg4 Nf8 19. Bxf4 Rc8 20. Rc1 Qa5 21.
Rh3 Qa4 22. Be3 Qxa3 23. Ng5 Qe7 24. f4 h6 25. Nf3 Qf7 26. Qh4 Na5 27. Ra1 Nc4
28. Bc1 a5 29. Rh1 b5 30. Qh2 Qc7 31. g4 Rf7 32. g5 hxg5 33. Nxg5 Rf5 34. Qh3
Nb2+ 0-1

[Event "Borgerhout - CREC"]
[Site "?"]
[Date "2013.01.13"]
[Round "7.2"]
[White "Wemmers, Xander"]
[Black "Houriez, Clément"]
[Result "1-0"]
[WhiteElo "2403"]
[BlackElo "2355"]
[PlyCount "80"]
[EventDate "2013.??.??"]

1. d4 Nf6 2. c4 e6 3. Nc3 Bb4 4. f3 Nc6 5. a3 Bxc3+ 6. bxc3 b6 7. e4 Ba6 8. Bd3
Na5 9. Qe2 Nb3 10. Rb1 Nxc1 11. Rxc1 O-O 12. Nh3 d6 13. O-O e5 14. Rf2 Bc8 15.
f4 Bxh3 16. gxh3 Qe7 17. Qf3 c5 18. Rd1 Kh8 19. Kh1 Rac8 20. fxe5 dxe5 21. d5
Rcd8 22. Be2 Rd6 23. Rdf1 Kg8 24. Qe3 Ne8 25. Bg4 Rh6 26. Rg1 Rg6 27. Rgf1 Nd6
28. Bf5 Rg5 29. Qe2 g6 30. Be6 Kg7 31. Rf6 Qxf6 32. Rxf6 Kxf6 33. Bg4 h5 34.
Qf2+ Kg7 35. Qh4 Kh6 36. Qe1 hxg4 37. Qh4+ Rh5 38. Qe7 Kg7 39. Qxd6 gxh3 40.
Qe7 Rhh8 {Time} 1-0

[Event "Borgerhout - Amay"]
[Site "Antwerpen"]
[Date "2013.03.03"]
[Round "10.7"]
[White "Veltkamp, Gerben"]
[Black "Broekmeulen, Jasper"]
[Result "0-1"]
[WhiteElo "2195"]
[BlackElo "2410"]
[PlyCount "64"]
[EventDate "2013.??.??"]
[EventRounds "11"]
[EventCountry "BEL"]

1. e4 e5 2. f4 d5 3. exd5 exf4 4. Qf3 Bd6 5. Bb5+ Bd7 6. Bxd7+ Nxd7 7. d4 Qh4+
8. Qf2 Qxf2+ 9. Kxf2 Nb6 10. Nh3 O-O-O 11. Nc3 Nf6 12. Kf3 Rhe8 13. Ng5 Re7 14.
Nge4 Nxe4 15. Nxe4 Rde8 16. Re1 Bb4 17. d6 cxd6 18. c3 f5 19. cxb4 fxe4+ 20.
Kxf4 Nd5+ 21. Kg3 Nxb4 22. Bg5 Rf7 23. Rec1+ Kd7 24. Rc3 Nd5 25. Rb3 b6 26. Rc1
Re6 27. h4 h6 28. Be3 Rg6+ 29. Kh3 Rgf6 30. Re1 Rf1 31. Re2 Rd1 32. Bf2 Nf4+
0-1

[Event "Borgerhout - Amay"]
[Site "Antwerpen"]
[Date "2013.03.03"]
[Round "10.5"]
[White "Vedder, Richard"]
[Black "Tan, Matthew"]
[Result "0-1"]
[WhiteElo "2333"]
[BlackElo "2428"]
[PlyCount "80"]
[EventDate "2013.??.??"]
[EventRounds "11"]
[EventCountry "BEL"]

1. e4 e6 2. d4 d5 3. Nc3 Nf6 4. e5 Nfd7 5. Nf3 c5 6. dxc5 Nc6 7. Bf4 Nxc5 8.
Bd3 Be7 9. O-O O-O 10. Qd2 a6 11. Rfe1 Nxd3 12. cxd3 d4 13. Ne4 Bb4 14. Qe2
Bxe1 15. Rxe1 Bd7 16. Bg5 f6 17. Bh4 Qe7 18. Qd2 Qb4 19. exf6 Qxd2 20. Nfxd2 e5
21. Nc4 b5 22. Nb6 Ra7 23. fxg7 Kxg7 24. Nxd7 Rxd7 25. Nc5 Rd6 26. Bg3 Kg6 27.
Nxa6 Ra8 28. Nc7 Rxa2 29. Nxb5 Rd5 30. Na3 Nb4 31. Nc4 Nxd3 32. Rb1 Rb5 33. f3
Rb4 34. Nd2 Rbxb2 35. Rxb2 Nxb2 36. Bxe5 Ra1+ 37. Nf1 Rd1 38. Kf2 Nc4 39. Bh8
d3 40. Bc3 Rc1 0-1

[Event "Borgerhout - Amay"]
[Site "Antwerpen"]
[Date "2013.03.03"]
[Round "10.3"]
[White "Wemmers, Xander"]
[Black "Bok, Benjamin"]
[Result "0-1"]
[WhiteElo "2403"]
[BlackElo "2512"]
[PlyCount "88"]
[EventDate "2013.??.??"]
[EventRounds "11"]
[EventCountry "BEL"]

1. d4 Nf6 2. c4 g6 3. Nc3 d5 4. e3 Bg7 5. cxd5 Nxd5 6. Nxd5 Qxd5 7. Ne2 O-O 8.
Nc3 Qd8 9. Be2 c5 10. d5 e6 11. e4 exd5 12. exd5 b6 13. O-O Bb7 14. Bf3 Nd7 15.
Re1 Ne5 16. Be2 Qd6 17. Bg5 a6 18. Qd2 b5 19. a4 b4 20. Ne4 Qxd5 21. Qxd5 Bxd5
22. Nxc5 Bc4 23. Rad1 Rfc8 24. Ne4 Bb3 25. Rd6 Nc4 26. Bxc4 Bxc4 27. Bf6 a5 28.
Bxg7 Kxg7 29. Rd7 Be6 30. Rd3 Rc2 31. b3 Rac8 32. h4 Rb2 33. Ree3 h6 34. Rf3
Bf5 35. Rd4 Rc7 36. Nd6 Rc1+ 37. Kh2 Be6 38. Nb7 Bxb3 39. Rd7 Be6 40. Re7 Bd5
41. Rf4 Rf1 42. Kg3 Rg1 43. Nd6 Rxg2+ 44. Kh3 Rgxf2 0-1

[Event "Borgerhout - Amay"]
[Site "Antwerpen"]
[Date "2013.03.03"]
[Round "10.1"]
[White "Van Eijk, Sander"]
[Black "Van Kampen, Robin"]
[Result "0-1"]
[WhiteElo "2491"]
[BlackElo "2560"]
[PlyCount "86"]
[EventDate "2013.??.??"]
[EventRounds "11"]
[EventCountry "BEL"]

1. e4 c5 2. Nc3 d6 3. Nf3 a6 4. d4 cxd4 5. Nxd4 Nf6 6. Bc4 e6 7. O-O Be7 8. Bb3
O-O 9. f4 b5 10. a3 Bb7 11. Qf3 Nbd7 12. Re1 Nc5 13. g4 Qb6 14. Kg2 Nxb3 15.
Nxb3 d5 16. Be3 Qc7 17. h3 b4 18. axb4 Bxb4 19. Bd4 dxe4 20. Qg3 Bd6 21. Be5
Bxe5 22. fxe5 Nd7 23. Ra5 Rab8 24. Re2 Rfc8 25. h4 Ba8 26. Rxa6 Nxe5 27. Kh3 f5
28. gxf5 exf5 29. Nd4 Ng6 30. Qxc7 Rxc7 31. Ne6 Rc6 32. Rxc6 Bxc6 33. h5 Bd7
34. hxg6 Bxe6 35. b3 hxg6 36. Kh4 Kf7 37. Na4 Kf6 38. Nc5 g5+ 39. Kg3 f4+ 40.
Kf2 e3+ 41. Kf3 Kf5 42. Rh2 Bd5+ 43. Ke2 Rc8 0-1

[Event "Borgerhout  - Zottegem"]
[Site "?"]
[Date "2012.09.23"]
[Round "1.7"]
[White "Veltkamp, Gerben"]
[Black "De Herdt, Yasseen"]
[Result "0-1"]
[WhiteElo "2195"]
[BlackElo "2096"]
[PlyCount "56"]
[EventDate "2012.09.23"]

1. d4 Nf6 2. Nc3 d5 3. Bg5 Nbd7 4. Qd3 h6 5. Bh4 e6 6. e4 dxe4 7. Nxe4 Be7 8.
Nf3 Nxe4 9. Qxe4 Nf6 10. Bxf6 Bxf6 11. Bc4 Qe7 12. O-O-O c6 13. Ne5 Bd7 14.
Nxd7 Kxd7 15. Rhe1 Rad8 16. d5 cxd5 17. Rxd5+ Kc8 18. Ra5 Rd4 19. Qe2 Qb4 20.
c3 Rxc4 21. Rxa7 Bxc3 22. Kb1 Kb8 23. Ra3 Bxe1 24. Rb3 Qc5 25. Qxe1 Rc8 26. Rc3
Rxc3 27. bxc3 Qxc3 28. Qe2 Qc1# 0-1

[Event "Anderlecht - Zottegem"]
[Site "?"]
[Date "2012.12.02"]
[Round "5.7"]
[White "Maleki, Manuel"]
[Black "De Herdt, Yasseen"]
[Result "0-1"]
[WhiteElo "2280"]
[BlackElo "2096"]
[PlyCount "96"]
[EventDate "2012.??.??"]

1. Nf3 c5 2. c4 b6 3. g3 Bb7 4. Bg2 e6 5. O-O Nf6 6. Nc3 d6 7. d4 cxd4 8. Qxd4
Nc6 9. Qf4 Ne7 10. Rd1 Ng6 11. Qd4 Be7 12. Nb5 d5 13. cxd5 Bxd5 14. Qa4 O-O 15.
Nc3 Qe8 16. Qxe8 Rfxe8 17. Nxd5 Nxd5 18. Nd4 Rac8 19. Nb5 Rc5 20. Nxa7 Ra8 21.
Bxd5 exd5 22. Be3 Rxa7 23. Bxc5 bxc5 24. Rxd5 Nf8 25. a4 Ne6 26. e3 Kf8 27. f4
g6 28. g4 Ke8 29. Kg2 Nc7 30. Rd2 Rb7 31. g5 Bd8 32. Kf3 Ne6 33. h4 Ba5 34. Rh2
Rb3 35. h5 Nd4+ 36. Ke4 Nf5 37. hxg6 hxg6 38. Kd5 Nxe3+ 39. Kxc5 Kd7 40. Kd4
Ke6 41. f5+ Kxf5 42. Rf2+ Kxg5 43. Rxf7 Nc2+ 44. Kc4 Nxa1 45. Ra7 Rb4+ 46. Kc3
Rxa4+ 47. Kd3 Kg4 48. b4 Ra3+ 0-1

[Event "Anderlecht - Zottegem"]
[Site "?"]
[Date "2012.12.02"]
[Round "5.5"]
[White "Renette, Hans"]
[Black "Ghysels, Marc"]
[Result "1-0"]
[WhiteElo "2345"]
[BlackElo "2146"]
[PlyCount "89"]
[EventDate "2012.??.??"]

1. d4 d6 2. Nf3 Bg4 3. c4 Bxf3 4. exf3 c6 5. Nc3 g6 6. Be3 Bg7 7. g4 Nf6 8. h4
h6 9. d5 Nbd7 10. Qd2 Ne5 11. Be2 c5 12. Rg1 h5 13. gxh5 Nxh5 14. f4 Nd7 15. f5
Qa5 16. Nb5 Qxd2+ 17. Kxd2 Kd8 18. fxg6 f5 19. Bg5 Ndf6 20. Bd3 a6 21. Nc3 f4
22. Rae1 Re8 23. Ne2 b5 24. Nxf4 Nxf4 25. Bxf4 Nh5 26. Bg5 bxc4 27. Be2 Nf6 28.
Bxc4 e5 29. dxe6 Kc7 30. e7 Kc6 31. Bb3 Kb5 32. Re6 c4 33. Bc2 Nd5 34. Rxd6 Kc5
35. Rd8 Bxb2 36. Rxd5+ Kxd5 37. Ba4 Bd4 38. Ke2 Ke4 39. Rg4+ Kd5 40. h5 Rab8
41. Rxd4+ Kxd4 42. Bf6+ Kd5 43. Bxe8 Rxe8 44. h6 Ke6 45. Bc3 1-0

[Event "Anderlecht - Zottegem"]
[Site "?"]
[Date "2012.12.02"]
[Round "5.3"]
[White "Hovhanisian, Mher"]
[Black "De Schampheleire, Glen"]
[Result "1/2-1/2"]
[WhiteElo "2500"]
[BlackElo "2311"]
[PlyCount "88"]
[EventDate "2012.??.??"]

1. e4 c6 2. d4 d5 3. exd5 cxd5 4. c4 Nf6 5. Nc3 Nc6 6. Bg5 dxc4 7. Bxc4 h6 8.
Bxf6 exf6 9. Nf3 Bd6 10. O-O O-O 11. h3 Bf5 12. Bd3 Qd7 13. Bxf5 Qxf5 14. Qb3
Na5 15. Qa4 b6 16. Rac1 Rac8 17. Qb5 Qxb5 18. Nxb5 Bb8 19. g3 Nc4 20. b3 Nd6
21. Nc3 Rfd8 22. Nd5 Kf8 23. Nb4 Nf5 24. a4 a5 25. Rxc8 Rxc8 26. Nd5 Ba7 27.
Rd1 Ne7 28. Ne3 Rc3 29. d5 Bb8 30. Nd4 Nc8 31. Nb5 Rxb3 32. d6 Nxd6 33. Nxd6
Bxd6 34. Rxd6 Ke7 35. Rxb6 Rxb6 36. Nd5+ Kd6 37. Nxb6 Kc5 38. Nc8 Kb4 39. Nb6
Kc5 40. Nc8 Kb4 41. Kf1 Kxa4 42. Ke2 Kb3 43. Kd2 a4 44. Kc1 a3 1/2-1/2

[Event "Anderlecht - Zottegem"]
[Site "?"]
[Date "2012.12.02"]
[Round "5.3"]
[White "Grimberg, Boris"]
[Black "Roos, Adrian"]
[Result "1-0"]
[WhiteElo "2400"]
[BlackElo "2254"]
[PlyCount "69"]
[EventDate "2012.??.??"]

1. e4 c5 2. Nf3 d6 3. d4 cxd4 4. Nxd4 Nf6 5. Nc3 a6 6. h3 e6 7. g4 Be7 8. g5
Nfd7 9. Be3 Nc6 10. h4 Qc7 11. h5 b5 12. Nxc6 Qxc6 13. Qd4 Ne5 14. Be2 f6 15.
h6 g6 16. f4 Nd7 17. a4 b4 18. Qxb4 fxg5 19. fxg5 O-O 20. O-O-O Ne5 21. Rhf1
Bd7 22. Qd4 Qc7 23. Kb1 Qd8 24. Rxf8+ Qxf8 25. Rf1 Qd8 26. Nd5 Bc6 27. Nxe7+
Qxe7 28. Bf4 Qc7 29. Bxe5 dxe5 30. Qc4 Qd7 31. Rd1 Qe8 32. Bg4 Bxa4 33. Rd6 Bb5
34. Bxe6+ Kf8 35. Qc5 1-0

[Event "Anderlecht - Wirtzfeld"]
[Site "?"]
[Date "2012.09.23"]
[Round "1.6"]
[White "Tonoli, Walter"]
[Black "Sonntag, Hans Hubert"]
[Result "1/2-1/2"]
[WhiteElo "2194"]
[BlackElo "2374"]
[PlyCount "66"]
[EventDate "2012.09.15"]

1. c4 e6 2. g3 d5 3. Bg2 Nf6 4. Nf3 dxc4 5. Qa4+ c6 6. Qxc4 b5 7. Qc2 Bb7 8. a4
a6 9. O-O Nbd7 10. d4 c5 11. dxc5 Bxc5 12. axb5 axb5 13. Rxa8 Qxa8 14. Na3 b4
15. Nc4 O-O 16. b3 Be4 17. Qb2 Qa7 18. Be3 Bxe3 19. Nxe3 Ra8 20. Nd2 Bxg2 21.
Kxg2 h6 22. Rc1 Qb7+ 23. f3 Nb6 24. Rc2 Nbd5 25. Qd4 Nxe3+ 26. Qxe3 Nd5 27. Qc5
Nc3 28. Nc4 Rc8 29. Qb6 Qxb6 30. Nxb6 Rd8 31. Nc4 Rd1 32. e4 Rb1 33. Rb2 Re1
1/2-1/2

[Event "Anderlecht - Wirtzfeld"]
[Site "?"]
[Date "2012.09.23"]
[Round "1.4"]
[White "Van Mechelen, Jan"]
[Black "Ris, Robert"]
[Result "1/2-1/2"]
[WhiteElo "2243"]
[BlackElo "2415"]
[PlyCount "185"]
[EventDate "2012.09.15"]

1. Nf3 Nf6 2. c4 g6 3. g3 Bg7 4. Bg2 O-O 5. O-O c6 6. d4 d5 7. cxd5 cxd5 8. Ne5
Ng4 9. Nxg4 Bxg4 10. Nc3 Nc6 11. h3 Be6 12. e3 Qd7 13. Kh2 Rac8 14. Na4 b6 15.
Bd2 Bf5 16. Qb3 Nxd4 17. exd4 Bc2 18. Nxb6 Qd8 19. Qxd5 Qxb6 20. Bc3 Rfd8 21.
Qb7 Qxb7 22. Bxb7 Rb8 23. Rac1 Bf5 24. Bf3 Bxd4 25. Bxd4 Rxd4 26. b3 Rd2 27. g4
Be6 28. Ra1 Rc8 29. Kg3 Rcc2 30. Rad1 Rxd1 31. Rxd1 Rxa2 32. Bd5 Bxd5 33. Rxd5
Ra3 34. Rb5 Ra6 35. Rb7 e6 36. g5 Kg7 37. f3 Ra5 38. h4 a6 39. Ra7 Ra3 40. b4
Ra4 41. Rb7 Ra1 42. Ra7 Rg1+ 43. Kh3 Rh1+ 44. Kg3 Rg1+ 45. Kh3 Rb1 46. Rxa6
Rxb4 47. Ra7 Rf4 48. Kg3 Rf5 49. Kg4 h6 50. Rb7 h5+ 51. Kg3 Kf8 52. Rd7 Ke8 53.
Rd1 Ke7 54. Rd2 Rd5 55. Ra2 Kd6 56. Ra6+ Ke5 57. Ra7 f5 58. Rg7 f4+ 59. Kg2
Rd2+ 60. Kg1 Kd4 61. Rxg6 Ke3 62. Rxe6+ Kxf3 63. g6 Kg3 64. Kf1 Rd7 65. Re5
Kxh4 66. Rf5 Kg4 67. Rf7 Rd6 68. g7 Rg6 69. Ra7 Kg3 70. Kg1 h4 71. Kh1 h3 72.
Ra1 h2 73. Ra7 Kf2 74. Ra2+ Kf3 75. Ra3+ Ke4 76. Ra7 f3 77. Re7+ Kd3 78. Kxh2
f2 79. Rf7 Ke2 80. Re7+ Kf1 81. Rf7 Rg2+ 82. Kh1 Rg5 83. Kh2 Rg1 84. Re7 Rg2+
85. Kh1 Rg6 86. Kh2 Rh6+ 87. Kg3 Kg1 88. g8=Q f1=Q 89. Re1 Rh3+ 90. Kg4 Qxe1
91. Kxh3+ Kf2 92. Qg3+ Ke2 93. Qxe1+ 1/2-1/2

[Event "Anderlecht - Wirtzfeld"]
[Site "?"]
[Date "2012.09.23"]
[Round "1.2"]
[White "De Wit, Michel"]
[Black "Henrichs, Thomas"]
[Result "1/2-1/2"]
[WhiteElo "2272"]
[BlackElo "2505"]
[PlyCount "50"]
[EventDate "2012.09.15"]

1. e4 e5 2. Nf3 Nc6 3. d4 exd4 4. Nxd4 Bc5 5. Be3 Qf6 6. c3 Nge7 7. Bc4 Ne5 8.
Be2 Qg6 9. O-O d6 10. Nd2 Bh3 11. Bf3 O-O 12. Kh1 Bg4 13. Be2 Bxe2 14. Qxe2 Ng4
15. Bf4 Rfe8 16. Qc4 Qf6 17. Bg3 h5 18. N2f3 Ng6 19. Nf5 Qe6 20. Qxe6 fxe6 21.
N5d4 e5 22. Nc2 Rf8 23. h3 Nf6 24. Rae1 Rae8 25. Re2 Nh7 1/2-1/2

[Event "Anderlecht - Rochade"]
[Site "Anderlecht"]
[Date "2012.10.07"]
[Round "2.7"]
[White "Maleki, Manuel"]
[Black "Klein, Felix"]
[Result "1-0"]
[WhiteElo "2339"]
[BlackElo "2310"]
[PlyCount "55"]
[EventDate "2012.??.??"]

1. Nf3 d5 2. d4 e6 3. c4 dxc4 4. e4 b5 5. a4 c6 6. Nc3 Bb4 7. Bd2 Nf6 8. e5 Nd5
9. axb5 Bxc3 10. bxc3 cxb5 11. Ng5 f5 12. exf6 Nxf6 13. Be2 a6 14. Bh5+ g6 15.
Bf3 Ra7 16. O-O O-O 17. Re1 Qd6 18. h4 Nc6 19. h5 gxh5 20. Ne4 Nxe4 21. Bxe4
Ne7 22. Bh6 Rf7 23. Qxh5 Bd7 24. Re3 Nf5 25. Bxf5 exf5 26. Rg3+ Kh8 27. Qxf7
Qxh6 28. Qg8# 1-0

[Event "Anderlecht - Rochade"]
[Site "Anderlecht"]
[Date "2012.10.07"]
[Round "2.5"]
[White "De Wit, Michel"]
[Black "Meessen, Rudolf"]
[Result "1-0"]
[WhiteElo "2272"]
[BlackElo "2277"]
[PlyCount "72"]
[EventDate "2012.??.??"]

1. e4 e6 2. d4 d5 3. Nd2 Nf6 4. e5 Nfd7 5. Bd3 c5 6. c3 Nc6 7. Ne2 cxd4 8. cxd4
f6 9. exf6 Nxf6 10. Nf3 Bd6 11. Bf4 Bxf4 12. Nxf4 Qa5+ 13. Qd2 Qxd2+ 14. Kxd2
O-O 15. Rhe1 Ne4+ 16. Bxe4 Rxf4 17. Bd3 Nxd4 18. Ke3 Nxf3 19. Kxf4 Nxe1 20.
Rxe1 Bd7 21. Ke5 Bc6 22. Re3 Rf8 23. f4 h6 24. Re2 Kf7 25. b4 Ke7 26. Re3 Rd8
27. Rg3 Kf7 28. Bg6+ Kf8 29. Kxe6 d4 30. a3 a6 31. Bd3 h5 32. Rg5 Re8+ 33. Kd6
Rd8+ 34. Kc5 h4 35. g3 hxg3 36. hxg3 Rd7 1-0

[Event "Anderlecht - Rochade"]
[Site "Anderlecht"]
[Date "2012.10.07"]
[Round "2.3"]
[White "Carmeille, Ludovic"]
[Black "Lazarev, Vladimir"]
[Result "1/2-1/2"]
[WhiteElo "2339"]
[BlackElo "2442"]
[PlyCount "74"]
[EventDate "2012.??.??"]

1. e4 c5 2. a3 g6 3. h4 h5 4. Nc3 Bg7 5. Bc4 Nc6 6. Nge2 d6 7. d3 e6 8. Bg5
Nge7 9. Qd2 a6 10. Ba2 b5 11. O-O Bb7 12. f4 Nd4 13. f5 gxf5 14. exf5 Ndxf5 15.
Rxf5 exf5 16. Nf4 Bd4+ 17. Kh1 f6 18. Ne6 Qb6 19. Nxd4 fxg5 20. Ne6 gxh4 21.
Qg5 Kd7 22. Nf4 Rae8 23. Be6+ Kc7 24. Re1 b4 25. Bf7 bxc3 26. Bxe8 Rxe8 27.
Rxe7+ Rxe7 28. Qxe7+ Kb8 29. bxc3 h3 30. Nxh3 Ka7 31. Nf4 Qb2 32. Qxd6 Qxc3 33.
a4 Qe1+ 34. Kh2 Qh4+ 35. Kg1 Qe1+ 36. Kh2 Qh4+ 37. Kg1 Qe1+ 1/2-1/2

[Event "Anderlecht - Rochade"]
[Site "Anderlecht"]
[Date "2012.10.07"]
[Round "2.1"]
[White "Hovhanisian, Mher"]
[Black "Berelowitsch, Alexander"]
[Result "1/2-1/2"]
[WhiteElo "2485"]
[BlackElo "2582"]
[PlyCount "63"]
[EventDate "2012.??.??"]

1. d4 d5 2. c4 e6 3. Nc3 c5 4. e3 Nf6 5. Nf3 Nc6 6. a3 Bd6 7. dxc5 Bxc5 8. Be2
O-O 9. b4 Bd6 10. cxd5 exd5 11. Nb5 Bb8 12. Nbd4 Qe7 13. Bb2 Ne5 14. Nxe5 Bxe5
15. Qb3 Be6 16. O-O Ne4 17. Rad1 Bf6 18. Bf3 Rfd8 19. Nxe6 Qxe6 20. Bxf6 Nxf6
21. Rd4 Rd7 22. Rfd1 Rad8 23. g3 b6 24. Kg2 h6 25. h3 Qe5 26. R1d3 Kf8 27. a4
Kg8 28. Kg1 Kf8 29. Kg2 Kg8 30. Kg1 Kf8 31. Bg2 Qf5 32. Rf4 1/2-1/2

[Event "Anderlecht - KGSRL"]
[Site "KGSRL"]
[Date "2012.12.16"]
[Round "6.8"]
[White "Rihouay, Clement"]
[Black "Ducarmon, Renzo"]
[Result "1-0"]
[WhiteElo "2185"]
[BlackElo "2060"]
[PlyCount "61"]
[EventDate "2012.??.??"]

1. e4 c5 2. Nf3 d6 3. d4 cxd4 4. Nxd4 Nf6 5. Nc3 e6 6. g4 h6 7. h4 Be7 8. Rg1
d5 9. exd5 Nxd5 10. Nxd5 Qxd5 11. Bg2 Qc4 12. c3 Nc6 13. Nxc6 bxc6 14. Qb3 Qxb3
15. Bxc6+ Bd7 16. Bxd7+ Kxd7 17. axb3 Bxh4 18. b4 a6 19. Rh1 Bf6 20. Rh5 e5 21.
Ke2 g5 22. Kd3 Ke6 23. Ke4 Bg7 24. Be3 Rhc8 25. Bc5 Rc6 26. Rhh1 Kd7 27. Rhd1+
Kc7 28. Rd5 Rd8 29. b5 Rxd5 30. Kxd5 Re6 31. Rxa6 1-0

[Event "Anderlecht - KGSRL"]
[Site "KGSRL"]
[Date "2012.12.16"]
[Round "6.4"]
[White "Maleki, Manuel"]
[Black "Ducarmon, Quinten"]
[Result "1-0"]
[WhiteElo "2280"]
[BlackElo "2382"]
[PlyCount "89"]
[EventDate "2012.??.??"]

1. Nf3 d5 2. d4 Nf6 3. c4 c6 4. e3 Bf5 5. Nc3 e6 6. Nh4 Be4 7. f3 Bg6 8. Nxg6
hxg6 9. Qb3 b5 10. c5 a5 11. Bd2 Nbd7 12. O-O-O Qc7 13. g3 Be7 14. Qc2 e5 15.
Be2 Kf8 16. Be1 Kg8 17. Kb1 Re8 18. Bd3 Bd8 19. g4 b4 20. Na4 e4 21. fxe4 dxe4
22. Bc4 Nxg4 23. Bg3 Qa7 24. Qb3 Ndf6 25. Nb6 Bxb6 26. cxb6 Qb7 27. h3 Nh6 28.
Bc7 Nd5 29. Bxd5 cxd5 30. Rc1 Nf5 31. Rc5 Ne7 32. Rxa5 Kh7 33. Rc1 Ra8 34. Rxa8
Rxa8 35. Qxb4 Nc6 36. Qb5 Na5 37. b3 Ra6 38. Rf1 f5 39. Rc1 g5 40. Rc5 f4 41.
Rxd5 fxe3 42. Rxg5 Ra8 43. Qf5+ Kg8 44. Qe6+ Kf8 45. Rf5# 1-0

[Event "Anderlecht - KGSRL"]
[Site "KGSRL"]
[Date "2012.12.16"]
[Round "6.2"]
[White "De Wit, Michel"]
[Black "Van der Stricht, Geert"]
[Result "1/2-1/2"]
[WhiteElo "2295"]
[BlackElo "2412"]
[PlyCount "140"]
[EventDate "2012.??.??"]

1. e4 c5 2. c3 Nf6 3. e5 Nd5 4. Nf3 e6 5. Na3 d6 6. Nc4 dxe5 7. Ncxe5 Be7 8.
Bb5+ Kf8 9. d4 cxd4 10. Nxd4 f6 11. Qf3 Qc7 12. Nd3 a6 13. Ba4 Nxc3 14. Bf4 Qa5
15. Bb3 Nb5+ 16. Bd2 Nxd4 17. Bxa5 Nxf3+ 18. gxf3 Nc6 19. Bb6 Kf7 20. O-O-O Bd8
21. Be3 Na5 22. Bc2 Nc4 23. Nc5 Nxe3 24. fxe3 Bb6 25. Nxb7 Bxe3+ 26. Kb1 Ke7
27. Nd6 Bf4 28. Nxc8+ Raxc8 29. h3 Rb8 30. Rd3 Be5 31. Bb3 Rhd8 32. Rhd1 Rxd3
33. Rxd3 Rb4 34. Rd1 a5 35. Rc1 Rh4 36. Rc6 Rxh3 37. Rxe6+ Kd7 38. Ra6 Rh2 39.
Rxa5 Rxb2+ 40. Kc1 Rf2 41. Ra7+ Bc7 42. Bd5 h5 43. Ra8 h4 44. Be4 Ke7 45. Ra7
Kd6 46. Ra6+ Ke5 47. Ra7 h3 48. Rxc7 h2 49. Rc5+ Kf4 50. Rf5+ Ke3 51. Rh5 Rf1+
52. Kb2 h1=Q 53. Rxh1 Rxh1 54. a4 Rh5 55. Kc3 f5 56. Bb7 f4 57. Kc4 Ra5 58. Kb4
Ra7 59. Bc6 g5 60. a5 g4 61. fxg4 Rc7 62. Ba8 Kd4 63. Kb5 Rc1 64. Bf3 Rc3 65.
Bh1 Rb3+ 66. Kc6 Ra3 67. Kb6 Rb3+ 68. Kc6 Ra3 69. Kb6 Rb3+ 70. Kc6 Ra3 1/2-1/2

[Event "Anderlecht - Fontaine"]
[Site "?"]
[Date "2013.02.03"]
[Round "8.8"]
[White "Ackaert, Thierry"]
[Black "Poivre, Eric"]
[Result "1-0"]
[WhiteElo "2101"]
[BlackElo "2005"]
[PlyCount "47"]
[EventDate "2013.??.??"]

1. e4 c5 2. b4 cxb4 3. d4 g6 4. Bb2 Bg7 5. f4 d6 6. Nf3 Nf6 7. Bd3 O-O 8. Nbd2
a6 9. O-O Qc7 10. Qe1 b5 11. Qh4 Nc6 12. Rae1 d5 13. e5 Ng4 14. h3 Nh6 15. g4
Nd8 16. Nb3 Nb7 17. f5 gxf5 18. g5 Qb6 19. Bc1 f4 20. Qxf4 f6 21. gxh6 Bh8 22.
e6 Bxe6 23. Rxe6 Qxe6 24. Qg3+ 1-0

[Event "Anderlecht - Fontaine"]
[Site "?"]
[Date "2013.02.03"]
[Round "8.6"]
[White "Tonoli, Walter"]
[Black "Wantola, Ivo"]
[Result "0-1"]
[WhiteElo "2200"]
[BlackElo "2337"]
[PlyCount "58"]
[EventDate "2013.??.??"]

1. c4 c5 2. g3 g6 3. Bg2 Bg7 4. Nc3 e5 5. e3 Nc6 6. Nge2 Nge7 7. O-O O-O 8. b3
d6 9. Bb2 Be6 10. Nd5 Rb8 11. Nec3 a6 12. a4 h6 13. h3 Kh7 14. Kh2 f5 15. f4 e4
16. Rb1 Bxd5 17. Nxd5 Nxd5 18. Bxg7 Kxg7 19. cxd5 Nb4 20. Qc1 Re8 21. g4 Qf6
22. gxf5 gxf5 23. Ra1 Kh7 24. a5 Rg8 25. Rg1 Nd3 26. Qc4 Rbe8 27. Bh1 Qh4 28.
Raf1 Nf2 29. Bg2 Qg3# 0-1

[Event "Anderlecht - Fontaine"]
[Site "?"]
[Date "2013.02.03"]
[Round "8.4"]
[White "Van Mechelen, Jan"]
[Black "Claesen, Pieter"]
[Result "1/2-1/2"]
[WhiteElo "2250"]
[BlackElo "2381"]
[PlyCount "37"]
[EventDate "2013.??.??"]

1. Nf3 d5 2. g3 Nf6 3. Bg2 Bf5 4. O-O e6 5. d3 h6 6. c4 c6 7. Be3 dxc4 8. dxc4
Qxd1 9. Rxd1 Nbd7 10. Nc3 Ng4 11. Bd2 O-O-O 12. Rac1 Bc5 13. Be1 Nde5 14. Rxd8+
Rxd8 15. Na4 Be7 16. Nxe5 Nxe5 17. h3 Nd7 18. Ba5 Rg8 19. Bc3 1/2-1/2

[Event "Anderlecht - Fontaine"]
[Site "?"]
[Date "2013.02.03"]
[Round "8.2"]
[White "Van Overdam, Julian"]
[Black "Ringoir, Tanguy"]
[Result "0-1"]
[WhiteElo "2285"]
[BlackElo "2457"]
[PlyCount "102"]
[EventDate "2013.??.??"]

1. e4 e5 2. Nf3 Nc6 3. d4 exd4 4. Nxd4 Nf6 5. Nxc6 bxc6 6. e5 Qe7 7. Qe2 Nd5 8.
c4 Ba6 9. b3 g6 10. g3 Bg7 11. Bb2 O-O 12. Bg2 Rae8 13. O-O Bxe5 14. Qxe5 Qxe5
15. Bxe5 Rxe5 16. cxd5 Bxf1 17. Kxf1 cxd5 18. Nc3 c6 19. Rd1 Rfe8 20. Bf3 Kf8
21. Ne2 Ke7 22. Rd4 Kd6 23. Ra4 Ra8 24. b4 Kc7 25. Ra5 a6 26. Nf4 Kb6 27. Nd3
Re7 28. Rc5 a5 29. b5 Re4 30. bxc6 dxc6 31. Rc2 Rc4 32. Re2 Rc3 33. Ne1 Rd8 34.
Kg2 d4 35. Rb2+ Kc7 36. Be2 c5 37. Nf3 d3 38. Bd1 c4 39. Rb1 Rb8 40. Ra1 Rb2
41. Nd4 d2 42. Ne2 Ra3 43. Kf1 Kb6 44. Nd4 Kc5 45. Nc2 Rc3 46. Ke2 Rcxc2 47.
Bxc2 Rxc2 48. Kd1 Rb2 49. Ke2 Kd4 50. a4 c3 51. h4 c2 0-1

[Event "Anderlecht - Eynatten 2"]
[Site "Anderlecht"]
[Date "2013.02.17"]
[Round "9.7"]
[White "Van Mechelen, Jan"]
[Black "Bischofs, Heinrich"]
[Result "1-0"]
[WhiteElo "2250"]
[BlackElo "1877"]
[PlyCount "57"]
[EventDate "2013.??.??"]

1. Nf3 d5 2. c4 e6 3. d4 Nf6 4. Nc3 Be7 5. Bg5 Nbd7 6. e3 c6 7. Rc1 h6 8. Bh4
O-O 9. Bd3 a6 10. O-O dxc4 11. Bxc4 b5 12. Bd3 Bb7 13. Qe2 Re8 14. Rfd1 Qb6 15.
a4 b4 16. Ne4 Nxe4 17. Bxe7 Rxe7 18. Bxe4 e5 19. dxe5 Nxe5 20. Nd4 c5 21. Nf5
Rc7 22. Rd6 Qa7 23. Bb1 f6 24. Qh5 g6 25. Nxh6+ Kg7 26. Bxg6 Nxg6 27. Nf5+ Kf8
28. Rxf6+ Kg8 29. Rxg6+ 1-0

[Event "Anderlecht - Eynatten 2"]
[Site "Anderlecht"]
[Date "2013.02.17"]
[Round "9.3"]
[White "Hetey, Laszlo"]
[Black "Hoffman, Max"]
[Result "1-0"]
[WhiteElo "2350"]
[BlackElo "2027"]
[PlyCount "70"]
[EventDate "2013.??.??"]

1. d4 Nf6 2. c4 g6 3. Nc3 Bg7 4. e4 d6 5. f3 O-O 6. Bg5 c6 7. Qd2 Re8 8. Bd3 a6
9. Nge2 b5 10. O-O Nbd7 11. Rac1 Rb8 12. Rfd1 Qb6 13. b3 bxc4 14. Na4 Qa7 15.
bxc4 c5 16. Be3 Qc7 17. dxc5 dxc5 18. Nec3 Qc6 19. Qf2 Ne5 20. Bf1 Rb4 21. Nxc5
Nxc4 22. Nd5 Rb2 23. Nb4 Qb6 24. Rxc4 Rxf2 25. Bxf2 Bh6 26. e5 Nh5 27. g4 Ng7
28. Nd5 Qb8 29. Ne4 Be6 30. g5 Qxe5 31. gxh6 Bxd5 32. Rc5 e6 33. Bd4 Qf4 34.
Nf6+ Kf8 35. hxg7+ Ke7 1-0